| 000 -LEADER |
| fixed length control field |
00563nam a22001697a 4500 |
| 005 - DATE AND TIME OF LATEST TRANSACTION |
| control field |
20250428105705.0 |
| 008 - FIXED-LENGTH DATA ELEMENTS--GENERAL INFORMATION |
| fixed length control field |
230802b ||||| |||| 00| 0 eng d |
| 040 ## - CATALOGING SOURCE |
| Transcribing agency |
SSBUL |
| 082 ## - DEWEY DECIMAL CLASSIFICATION NUMBER |
| Edition number |
23 |
| Classification number |
020 |
| 110 ## - MAIN ENTRY--CORPORATE NAME |
| Corporate name or jurisdiction name as entry element |
Lovely Professional University (Phagwara) |
| 9 (RLIN) |
28742 |
| 245 10 - TITLE STATEMENT |
| Title |
Foundations of library and information science : |
| Remainder of title |
DLIS 001 / |
| Statement of responsibility, etc. |
Edited by Reena Kapoor |
| 260 ## - PUBLICATION, DISTRIBUTION, ETC. |
| Place of publication, distribution, etc. |
New Delhi : |
| Name of publisher, distributor, etc. |
Lovely Professional University, |
| Date of publication, distribution, etc. |
[20--] |
| 300 ## - PHYSICAL DESCRIPTION |
| Extent |
294 pages ; |
| Dimensions |
26 cm. |
| 650 ## - SUBJECT ADDED ENTRY--TOPICAL TERM |
| Topical term or geographic name entry element |
Library science |
| 9 (RLIN) |
10956 |
| 700 1# - ADDED ENTRY--PERSONAL NAME |
| Personal name |
Kapoor, Reena. |
| Relator term |
editor |
| 9 (RLIN) |
28743 |
| 942 ## - ADDED ENTRY ELEMENTS (KOHA) |
| Source of classification or shelving scheme |
|
| Koha item type |
Books (Long term) |